000 00843nam a2200241 a 4500
001 000024448
005 20200930023159.0
008 110127s1977 sp a r 000 0 spa d
020 _a8432503568
040 _aDO-SdBNP
_bspa
_cBNPHU
082 _a946.081
_bF811t, 1977
100 1 _aFragoso del Toro, Victor
_950120
245 1 0 _aTriunfan las derechas (marzo 1933-septiembre 1934) : /
_cVíctor Fragoso del Toro.
250 _a4a ed. corr. y aum.
260 _aMadrid, (España) :
_bEditorial Doncel,
_c1977.
300 _a228, [10] p. :
_ail. ;
_a18 cm.
490 1 _aEl libro de bosillo Doncel
_v131
490 1 _aLa España de ayer
651 4 _aEspaña
_xHistoria
_ySEGUNDA REPÚBLICA, 1931-1939
_950121
651 4 _aEspaña
_xHistoria
_98844
830 0 _aEl libro de bosillo Doncel,
_pLa España de ayer;
_v131
_950122
049 _aBNGR
999 _c23941
_d23941